Car Makers A-Z - Statistics

General Stats
  • This quiz has been taken 417 times
    400 since last reset
  • The average score is 16 of 24
Answer Stats
Letter Model Answer % Correct
F Mustang Ford
95%
C Corvette Chevrolet
89%
B Veyron Bugatti
88%
P 911 Porsche
88%
T Prius Toyota
88%
D Viper Dodge
86%
J F-Type Jaguar
86%
M C-Class Mercedes
86%
N Micra Nissan
86%
V Golf Volkswagen
86%
K Sportage Kia
83%
H i10 Hyundai
80%
L Gallardo Lamborghini
79%
A Giulietta Alfa Romeo
76%
R Clio Renault
76%
O Astra Opel
72%
S Octavia Skoda
65%
I Q30 Infiniti
49%
G Yukon GMC
46%
Z ST1 Zenvo
16%
U GTR Ultima
15%
E MS8 Streamliner Elfin
9%
Q 3 Qoros
4%
W Megabusa Westfield
4%
No matching quizzes found
Score Distribution
Percent of People with Each Score
Percentile by Number Answered
Your Score History
You have not taken this quiz since the last reset